000 00307 a2200109 4500
001 ART_6645
005 20260410161620.0
008 260409a
245 1 0 _aEstados contables en moneda homógenea
100 1 _aSlosse, Carlos Alberto
773 0 _tEnfoques
_g- Nº 10 (oct. 2009)
_wREV416
999 _c11463
_d11463